| 000 | 00829nam a2200265 4500 | ||
|---|---|---|---|
| 001 | 34411 | ||
| 003 | BD-RjUL | ||
| 005 | 20211209052144.0 | ||
| 008 | 140517s1973 nyua b 001 0 eng d | ||
| 020 | _a0060453338 | ||
| 035 | _a(BD-RjUL)34505 | ||
| 040 |
_aDLC _cDLC _dDLC _dOCoLC _dBD-RjUL _beng |
||
| 041 | _aeng | ||
| 082 | 0 | 0 |
_a330.91732 _bRAM 1973 |
| 100 | 1 |
_aRasmussen, David W., _9104649 |
|
| 245 | 1 | 4 |
_aThe modern city : _breadings in urban economics / _cby David W. Rasmussen and Charles T. Haworth. |
| 260 |
_aNew York : _bHarper & Row, _c1973. |
||
| 300 |
_ax, 302 p. : _bill. ; _c24 cm. |
||
| 504 | _aIncludes bibliographical references and index. | ||
| 650 | 0 |
_aUrban economics. _916596 |
|
| 700 | 1 |
_aHaworth, Charles T., _ejoint comp. _9104650 |
|
| 942 |
_2ddc _cBK |
||
| 999 |
_c34411 _d34411 |
||